Mathematics Number Properties - Statistics

General Stats
  • This quiz has been taken 33 times
  • The average score is 25 of 45
Answer Stats
Question Tile Select % Correct
Prime Numbers 19 Yes
96%
Prime Numbers 31 Yes
96%
Prime Numbers 37 Yes
93%
Prime Numbers 39 No
93%
Prime Numbers 23 Yes
89%
Prime Numbers 27 No
89%
Prime Numbers 33 No
89%
Prime Numbers 1 No
75%
Triples which satisfy Pythagoras' Theorem 2, 3, 4 No
68%
Triples which satisfy Pythagoras' Theorem 3, 4, 5 Yes
68%
Triples which satisfy Pythagoras' Theorem 12, 15, 20 No
64%
Prime Numbers 57 No
64%
Triples which satisfy Pythagoras' Theorem 7, 15, 17 No
64%
Square Numbers 89 No
64%
Powers of 3 29 No
61%
Square Numbers 4 Yes
61%
Powers of 3 0 No
57%
Square Numbers 128 No
57%
Square Numbers 2 No
57%
Square Numbers 200 No
57%
Square Numbers 400 Yes
57%
Recurring Decimals Five Eighths No
57%
Recurring Decimals Seventeen Quarters No
57%
Square Numbers 169 Yes
54%
Square Numbers 256 Yes
54%
Powers of 3 3 Yes
54%
Powers of 3 432 No
54%
Recurring Decimals One Half No
54%
Recurring Decimals Seven Twentieths No
54%
Powers of 3 33 No
50%
Recurring Decimals 13 divided by 25 No
46%
Recurring Decimals One Sixth Yes
46%
Recurring Decimals Two Thirds Yes
46%
Powers of 3 243 Yes
43%
Powers of 3 30 No
43%
Triples which satisfy Pythagoras' Theorem 5, 12, 13 Yes
43%
Powers of 3 81 Yes
43%
Powers of 3 1 Yes
39%
Square Numbers 289 Yes
39%
Recurring Decimals Three Sixteenths No
39%
Triples which satisfy Pythagoras' Theorem 12, 16, 20 Yes
36%
Triples which satisfy Pythagoras' Theorem 7, 24, 25 Yes
32%
Triples which satisfy Pythagoras' Theorem 8, 15, 17 Yes
21%
Recurring Decimals Three Fifteenths Yes
18%
Triples which satisfy Pythagoras' Theorem 7, 12, 13 Yes
4%
No matching quizzes found
Score Distribution
Percent of People with Each Score
Percentile by Number Answered
Your Score History
You have not taken this quiz